| 000 | 009180000a22002170004500 | ||
|---|---|---|---|
| 020 | _a84-344-0707-8 | ||
| 041 | 0 | _aSPA | |
| 082 | 0 | 4 | _aG 121.4 P579p |
| 100 | 1 | _aPiaget, Jean (1896-) | |
| 245 | 1 | 0 | _aPsicología y epistemología / Jean Piaget ; Fransisco J. Fernández Buey, Traductor |
| 250 | _a2 | ||
| 260 | _aBarcelona, España : Ariel | ||
| 300 | _a189 Pag. | ||
| 505 | 0 | 0 | _ala epistemología genética -- de la psicología a la epistemología -- necesidad y significación de las investigaciones comparativas en psicología genética -- el mito del origen sensorial de los conocimientos científicos -- sobre la relación de las ciencias con la filosofía -- clasificación disciplinas y conexiones interdisciplinarias. |
| 650 | 1 | 4 | _aCOGNICION EN NIÑOS |
| 001 | 620 | ||
| 942 | _cBK | ||
| 999 |
_c32121 _d32121 |
||
| 336 |
_atexto _btxt _2rdacontent |
||
| 337 |
_2rdamedia _asin mediación _bn |
||
| 338 |
_2rdacarrier _avolumen _bnc |
||